| 000 | 01345nam a22002057a 4500 | ||
|---|---|---|---|
| 999 |
_c61276 _d61276 |
||
| 005 | 20251125233054.0 | ||
| 008 | s2552 th tha d | ||
| 040 | _aNALT | ||
| 041 | _atha | ||
| 090 |
_aKO27.2 ท532ด _b 2553 |
||
| 245 | 1 | 0 | _aคู่มือการขอได้มาซึ่งที่ดินและห้องชุดของคนต่างด้าว คนไทยที่มีคู่สมรสเป็นคนต่างด้าว และนิติบุคคลบางประเภท |
| 260 | 3 |
_aกรุงเทพฯ : _bสำนักมาตรฐานการทะเบียนที่ดิน กรมที่ดิน กระทรวงมหาดไทย, _c2552 |
|
| 300 | _a155 หน้า | ||
| 650 | 0 | 4 | _aคนต่างด้าว -- การถือกรรมสิทธิ์ห้องชุด -- กฎหมายและระเบียบข้อบังคับ |
| 650 | 0 | 4 | _aคนต่างด้าว -- การถือครองที่ดิน -- กฎหมายและระเบียบข้อบังคับ |
| 850 | _aNALT | ||
| 856 | 4 | 0 | _uhttps://hdl.handle.net/20.500.14156/302091 |
| 942 |
_cLB _02 _2lcc |
||